|
|
|
|
| LEADER |
01278naa a2200349 a 4500 |
| 001 |
000100613 |
| 003 |
SVKKK |
| 005 |
20100608110734.0 |
| 008 |
080220s2007 xo #|0||||||||0|||b|slo |
| FMT |
|
|
|
| 015 |
|
|
|a SNBRA2010/06
|
| 038 |
|
|
|a SVKKK
|
| 040 |
|
|
|a SVKKK
|b slo
|e AACR2
|
| 041 |
0 |
|
|a slo
|a eng
|
| 044 |
|
|
|a xo
|c SK
|
| 080 |
|
|
|a 7.025.4
|2 1997
|
| 080 |
|
|
|a 75.052
|2 1997
|
| 100 |
1 |
|
|a Gomboš, Peter
|4 aut
|
| 245 |
1 |
0 |
|a Reštaurovanie omietkových vrstiev a dekoratívnej maliarskej výzdoby fasády bardejovskej radnice (južná fasáda a južná časť východnej fasády)
|c Peter Gomboš
|
| 246 |
3 |
1 |
|a Descriptionb of the course of the restoration of the plaster layers and decorative painted ornament of the facade in Bardejov Town Hall. (South facade and southern part of the east facade)
|
| 300 |
|
|
|b Obr.
|
| 546 |
|
|
|a Súbežný názov a text v angličtine na s. 108-109
|
| 610 |
2 |
4 |
|a Radnica (Bardejov, Slovensko)
|x reštaurovanie
|
| 650 |
0 |
4 |
|a nástenné maľby
|x reštaurovanie
|
| 773 |
0 |
|
|t Zborník prednášok 6. medzinárodného seminára o reštaurovaní
|d Bardejov : Mária Mollerová - MARPO, 2007
|z 9788096977901
|g S. 67-70
|
| 957 |
|
|
|a Bardejov
|
| 958 |
|
|
|a SK
|
| 992 |
|
|
|a RZB
|
| BAS |
|
|
|
| 852 |
|
|
|a SVKKK
|b BIB
|
| EXP |
|
|
|
| 998 |
|
|
|a REG
|